000 00820nam a2200217Ii 4500
003 JO-AjNU
008 230605s9999||||xx |||||||||||||| ||und||
017 _a2021/11/6398
040 _aJO-AjNU
_bara
_erda
_cJO-AjNU
041 _aara
050 1 4 _aHF5549.2021
100 3 _aتاليف حسن، عبدالعزيز عبدالرحمن,
_eauthor
_963839
245 0 0 _aادارة الموارد البشرية = Humman Resource Management
250 _aط1
264 3 1 _aعمان: زاد ناشرون موزعون، 2021
300 _a568ص
336 _atext
_btxt
_2rdacontent
337 _aunmediated
_bn
_2rdamedia
338 _avolume
_bnc
_2rdacarrier
650 4 _aادارة الافراد-تدريب الموظفين-الرضى الوظيفي-الموارد البشرية-التنظيم الاداري
_963840
999 _aA28978
_c32546
_d32546